سر سید کی تعلیمی تحریر / (Record no. 108768)

MARC details
000 -LEADER
fixed length control field 00771nam a22002417a 4500
005 - DATE AND TIME OF LATEST TRANSACTION
control field 20170123162344.0
010 ## - LIBRARY OF CONGRESS CONTROL NUMBER
LC control number A-282456
020 ## - INTERNATIONAL STANDARD BOOK NUMBER
Terms of availability 25.00
035 ## - SYSTEM CONTROL NUMBER
System control number A-282456
037 ## - SOURCE OF ACQUISITION
Source of stock number/acquisition Cen Lib/Ret
040 ## - CATALOGING SOURCE
Original cataloging agency DPL
Language of cataloging UR
082 ## - DEWEY DECIMAL CLASSIFICATION NUMBER
Classification number 370
Item number ا ج ت
100 ## - MAIN ENTRY--PERSONAL NAME
Personal name اجتر الواسع
9 (RLIN) 129916
245 ## - TITLE STATEMENT
Title سر سید کی تعلیمی تحریر /
Statement of responsibility, etc اجتر الواسع
246 ## - VARYING FORM OF TITLE
Title proper/short title Sir Sayed ki taleemi tahreer /
Remainder of title by Ajtarul Wase
260 ## - PUBLICATION, DISTRIBUTION, ETC. (IMPRINT)
Place of publication, distribution, etc نیی دہلی
Name of publisher, distributor, etc مکتبہ جامہ لمیٹڈ
Date of publication, distribution, etc 1985
270 ## - ADDRESS
City نیی دہلی
Address جامہ نگر
Postal code 110025
300 ## - PHYSICAL DESCRIPTION
Extent 119p.
Dimensions 21cm(Hb)
650 ## - SUBJECT ADDED ENTRY--TOPICAL TERM
Topical term or geographic name as entry element تعلیم
9 (RLIN) 129917
650 ## - SUBJECT ADDED ENTRY--TOPICAL TERM
Topical term or geographic name as entry element تحریری مطالع
9 (RLIN) 646
650 ## - SUBJECT ADDED ENTRY--TOPICAL TERM
Topical term or geographic name as entry element Education
9 (RLIN) 1169
942 ## - ADDED ENTRY ELEMENTS (KOHA)
Source of classification or shelving scheme Dewey Decimal Classification
Koha item type Urdu Bks
Classification part 370
Call number suffix ا ج ت
Holdings
Withdrawn status Lost status Damaged status Not for loan Home library Current library Date acquired Source of acquisition Cost, normal purchase price Total Checkouts Full call number Barcode Date last seen Copy number Cost, replacement price Price effective from Koha item type
        Central Library Central Library 04/02/2016 Cen Lib/Ret 25.00   370 ا ج ت A-282456 04/02/2016 1 25.00 04/02/2016 Urdu Bks

© Delhi Public Library
Hit Counter
free hit counter